| 000 | 00357nam a2200157Ia 4500 | ||
|---|---|---|---|
| 005 | 20240607052425.0 | ||
| 008 | 240331s9999 xx 000 0 und d | ||
| 020 | _a0156695006 | ||
| 082 |
_bARE _a363 |
||
| 100 | _aArendt, H | ||
| 245 | 0 | _aOn violence | |
| 260 |
_aSan Diego _bA Harvest Book _c1970 |
||
| 300 | _a106 p., | ||
| 650 | _aViolence | ||
| 942 | _cL | ||
| 999 |
_c2879 _d2879 |
||